000 00219nam a2200085Ia 4500
005 20250523150954.0
008 250523s9999 xx 000 0 und d
245 0 _aRuby Rogers Bu Hiç Adil Değil
_cSue Limb
260 _bALTIN
999 _c11897
_d11897